[Event "ITA-chT GpB 54th"]
[Site "Bacoli"]
[Date "2023.04.28"]
[Round "6"]
[White "Hercegovac, Neven"]
[Black "Lanzani, Mario"]
[Result "0-1"]
[WhiteElo "2153"]
[BlackElo "2280"]
[PlyCount "132"]
[EventDate "2023.04.25"]
[EventType "team-tourn"]
[EventRounds "7"]
[EventCountry "ITA"]
[SourceTitle "CBM 213 Extra"]
[Source "ChessBase"]
[SourceDate "2023.05.31"]
[SourceVersion "1"]
[SourceVersionDate "2023.05.31"]
[SourceQuality "1"]
[WhiteTeam "Etna Scacchi"]
[BlackTeam "Milan Accademia"]
[WhiteTeamCountry "ITA"]
[BlackTeamCountry "ITA"]

1. e4 c5 2. Nf3 d6 3. d4 cxd4 4. Nxd4 Nf6 5. Nc3 Nc6 6. Bg5 Bd7 7. Be2 e6 8. Qd3 a6 9. 0-0-0 Rc8 10. f4 Be7 11. Nb3 b5 12. Bxf6 gxf6 13. f5 0-0 14. Qh3 b4 15. Rhf1 Kh8 16. Rd3 Rg8 17. Nd1 Ne5 18. Rg3 d5 19. exd5 exf5 20. Rxg8+ Qxg8 21. Rf4 Qg5 22. Qe3 Bf8 23. Rd4 Qxe3+ 24. Nxe3 Bh6 25. Kd2 f4 26. Rxb4 fxe3+ 27. Kd1 Bf5 28. c4 Bf8 29. Ra4 Nd3 30. Rxa6 Nxb2+ 31. Ke1 Nxc4 32. Rxf6 Bb4+ 33. Kf1 Bg6 34. Rc6 Rxc6 35. dxc6 Nb6 36. Ba6 Bd6 37. Nd4 Bxh2 38. Ke2 Bf4 39. g3 Bh5+ 40. Kd3 e2 41. Nxe2 Bxe2+ 42. Kxe2 Bxg3 43. Bb5 Bc7 44. a4 Nc8 45. Kf3 Kg7 46. Bc4 f5 47. Kg2 Ne7 48. Bb5 Kf6 49. Kh3 Kg5 50. Kg2 Kg4 51. Kf2 Kf4 52. Kg2 Ke3 53. Kf1 Kf3 54. Kg1 Kg3 55. Kf1 f4 56. Bd3 h5 57. Be4 f3 58. Kg1 Bb6+ 59. Kh1 h4 60. a5 Bxa5 61. Kg1 Bc7 62. Kh1 Bb6 63. c7 Bxc7 64. Kg1 Ng8 65. Kh1 Nf6 66. Bf5 Ng4 0-1

[Event "ITA-chTB 53rd"]
[Site "Montesilvano"]
[Date "2022.04.23"]
[Round "7.1"]
[White "Simoli, Sergio"]
[Black "Lanzani, Mario"]
[Result "0-1"]
[WhiteElo "2262"]
[BlackElo "2266"]
[PlyCount "96"]
[EventDate "2022.04.19"]
[EventType "team-tourn"]
[EventRounds "7"]
[EventCountry "ITA"]
[SourceTitle "CBM 207 Extra"]
[Source "ChessBase"]
[SourceDate "2022.05.31"]
[SourceVersion "1"]
[SourceVersionDate "2022.05.31"]
[SourceQuality "1"]
[WhiteTeam "Il Grifone D’Arzignano"]
[BlackTeam "Milan Accademia"]
[WhiteTeamCountry "ITA"]
[BlackTeamCountry "ITA"]

1. e4 c5 2. Nf3 d6 3. d4 cxd4 4. Nxd4 Nf6 5. Nc3 Nc6 6. Bc4 Bd7 7. Be3 Ng4 8. Nxc6 bxc6 9. Bc1 g6 10. h3 Nf6 11. Qe2 Bg7 12. Bb3 0-0 13. 0-0 a5 14. a4 Bc8 15. Rd1 Ba6 16. Qe1 Nd7 17. Be3 Qb8 18. Rab1 Qb4 19. f3 Nc5 20. Bxc5 Qxc5+ 21. Kh1 Bd4 22. Ne2 Bf2 23. Qd2 Be3 24. Qe1 Rab8 25. Nc1 Qg5 26. Nd3 Bb6 27. c4 Bd4 28. Ba2 c5 29. f4 Qh6 30. Qg3 Bb7 31. Re1 Kh8 32. Qg5 Qxg5 33. fxg5 Kg7 34. Re2 h6 35. gxh6+ Kxh6 36. Rf1 e5 37. Bb1 Bc6 38. Rf6 Rbd8 39. b3 Kg7 40. Rf1 f5 41. Ne1 fxe4 42. Rxf8 Rxf8 43. Bxe4 Bxe4 44. Rxe4 Rf2 45. Nf3 Rb2 46. Rg4 Rxb3 47. h4 Kf6 48. Kh2 Be3 0-1

[Event "ITA-ch sf 80th"]
[Site "Civitanova Marche"]
[Date "2021.07.21"]
[Round "5"]
[White "Lanzani, Mario"]
[Black "Gilevich, Artem"]
[Result "1/2-1/2"]
[WhiteElo "2276"]
[BlackElo "2408"]
[PlyCount "124"]
[EventDate "2021.07.17"]
[EventType "swiss"]
[EventRounds "9"]
[EventCountry "ITA"]
[SourceTitle "CBM 203 Extra"]
[Source "ChessBase"]
[SourceDate "2021.09.30"]
[SourceVersion "1"]
[SourceVersionDate "2021.09.30"]
[SourceQuality "1"]

1. Nf3 d5 2. c4 e6 3. e3 g6 4. d4 Bg7 5. Nc3 Ne7 6. Be2 0-0 7. 0-0 b6 8. cxd5 exd5 9. b3 Nd7 10. Ba3 Bb7 11. Rc1 Re8 12. Bd3 a6 13. Qc2 Rc8 14. Qe2 c5 15. Rfd1 b5 16. Bxc5 Nxc5 17. dxc5 Rxc5 18. Qd2 d4 19. Nxd4 Bxd4 20. exd4 Qxd4 21. Bf1 Qxd2 22. Rxd2 Nf5 23. b4 Rc7 24. Rdd1 Rec8 25. Ne2 Rc2 26. a3 Kg7 27. Rxc2 Rxc2 28. Ra1 h5 29. a4 bxa4 30. Rxa4 Bc6 31. Ra1 Bb5 32. Nf4 Kf6 33. g3 h4 34. Bxb5 axb5 35. gxh4 Nxh4 36. Kf1 Ke5 37. Ne2 Nf3 38. Ra5 Nxh2+ 39. Ke1 Nf3+ 40. Kf1 Nh2+ 41. Ke1 Nf3+ 42. Kf1 Ke4 43. Ng3+ Kf4 44. Rxb5 Rc1+ 45. Kg2 Kg4 46. Nf1 Nh4+ 47. Kg1 f5 48. Rc5 Rb1 49. Rc3 f4 50. b5 Nf5 51. Rd3 Nh4 52. Rc3 g5 53. b6 Nf3+ 54. Kg2 Ne1+ 55. Kg1 Rxb6 56. Nh2+ Kh4 57. Nf3+ Nxf3+ 58. Rxf3 g4 59. Rxf4 Kh3 60. Kf1 Rb3 61. Ke2 g3 62. fxg3 Rxg3 1/2-1/2

[Event "ITA-chTA 51st"]
[Site "Brixen Bressanone"]
[Date "2019.04.28"]
[Round "4.1"]
[White "Valsecchi, Alessio"]
[Black "Lanzani, Mario"]
[Result "1/2-1/2"]
[WhiteElo "2506"]
[BlackElo "2261"]
[PlyCount "77"]
[EventDate "2019.04.26"]
[EventType "team-swiss"]
[EventRounds "7"]
[EventCountry "ITA"]
[SourceTitle "CBM 190 Extra"]
[Source "ChessBase"]
[SourceDate "2019.07.15"]
[SourceVersion "1"]
[SourceVersionDate "2019.07.15"]
[SourceQuality "1"]
[WhiteTeam "Padova Obiettivo"]
[BlackTeam "Milan Accademia"]
[WhiteTeamCountry "ITA"]
[BlackTeamCountry "ITA"]

1. e4 c5 2. Nf3 g6 3. d4 cxd4 4. Nxd4 Nc6 5. c4 Nf6 6. Nc3 d6 7. Be2 Bg7 8. Be3 0-0 9. 0-0 Nd7 10. Nb3 a5 11. Nd4 Nxd4 12. Bxd4 Bxd4 13. Qxd4 Qb6 14. Qd2 Nf6 15. Rad1 a4 16. Rfe1 Be6 17. Rf1 Bc8 18. Rfe1 Be6 19. Bf1 Rfc8 20. Nd5 Bxd5 21. exd5 Rc7 22. Re3 Qa5 23. Qe2 Kf8 24. Re1 Re8 25. Rf3 Ra8 26. Re3 Re8 27. Qd1 Qb4 28. Qd4 b5 29. a3 Qc5 30. Qxc5 Rxc5 31. cxb5 Nxd5 32. Rh3 Kg7 33. b3 axb3 34. Rxb3 Nb6 35. a4 Nxa4 36. b6 Rb8 37. Rb4 Nxb6 38. Rxe7 Nd7 39. Rd4 1/2-1/2

[Event "Imperia op-A 50th"]
[Site "Imperia"]
[Date "2018.09.06"]
[Round "6.5"]
[White "Ahner, Thomas"]
[Black "Lanzani, Mario"]
[Result "0-1"]
[WhiteElo "2121"]
[BlackElo "2275"]
[PlyCount "52"]
[EventDate "2018.09.02"]
[EventType "swiss"]
[EventRounds "9"]
[EventCountry "ITA"]
[SourceTitle "EXT 2024"]
[Source "ChessBase"]
[SourceDate "2023.10.10"]
[SourceVersion "1"]
[SourceVersionDate "2023.10.10"]
[SourceQuality "1"]

1. e4 c5 2. Nf3 Nc6 3. d4 cxd4 4. Nxd4 e5 5. Nb5 d6 6. c4 Be7 7. Bd3 Nf6 8. Bg5 a6 9. N5c3 Nxe4 10. Nxe4 Bxg5 11. Nbc3 Be7 12. Qh5 g6 13. Qh6 Bf8 14. Qd2 f5 15. Ng3 Bg7 16. h4 0-0 17. h5 Be6 18. 0-0-0 Rc8 19. Kb1 Nd4 20. hxg6 hxg6 21. Rh6 Kf7 22. Rh7 Rh8 23. Rxh8 Qxh8 24. Rh1 Qd8 25. Nd5 b5 26. Qb4 a5 0-1

[Event "Espalion op 3rd"]
[Site "Espalion"]
[Date "2018.07.16"]
[Round "4"]
[White "Lanzani, Mario"]
[Black "Kurayan, Ruslan"]
[Result "1/2-1/2"]
[WhiteElo "2280"]
[BlackElo "2366"]
[PlyCount "76"]
[EventDate "2018.07.14"]
[EventType "swiss"]
[EventRounds "9"]
[EventCountry "FRA"]
[SourceTitle "CBM 185 Extra"]
[Source "ChessBase"]
[SourceDate "2018.07.29"]
[SourceVersion "1"]
[SourceVersionDate "2018.07.29"]
[SourceQuality "1"]

1. e4 c5 2. Nf3 d6 3. c3 Nf6 4. Be2 g6 5. 0-0 Bg7 6. Bb5+ Nbd7 7. Re1 a6 8. Bf1 0-0 9. d4 e6 10. Bf4 Re8 11. Nbd2 e5 12. dxe5 dxe5 13. Bg5 b5 14. a4 Rb8 15. axb5 axb5 16. Bd3 Rb6 17. Qe2 c4 18. Bc2 Qc7 19. Be3 Rc6 20. b3 Ng4 21. bxc4 Nxe3 22. Qxe3 Nb6 23. Qe2 Nxc4 24. Nxc4 Rxc4 25. Bd3 Rxc3 26. Bxb5 Rd8 27. Red1 Rxd1+ 28. Rxd1 Bg4 29. Bd3 Bf8 30. h3 Be6 31. Kh2 h6 32. Rd2 Bb3 33. Bb5 Qc5 34. Ba6 Qa5 35. Bb7 Bc4 36. Qd1 Qb4 37. Ba8 Qa3 38. Rd8 Rd3 1/2-1/2

[Event "ITA-chT 50th"]
[Site "Gallipoli"]
[Date "2018.05.01"]
[Round "7.1"]
[White "Vocaturo, Daniele"]
[Black "Lanzani, Mario"]
[Result "1-0"]
[WhiteElo "2616"]
[BlackElo "2281"]
[PlyCount "55"]
[EventDate "2018.04.27"]
[EventType "team-swiss"]
[EventRounds "7"]
[EventCountry "ITA"]
[SourceTitle "EXT 2019"]
[Source "ChessBase"]
[SourceDate "2018.10.10"]
[SourceVersion "1"]
[SourceVersionDate "2018.10.10"]
[SourceQuality "1"]
[WhiteTeam "Padova Obiettivo"]
[BlackTeam "Milan Accademia"]
[WhiteTeamCountry "ITA"]
[BlackTeamCountry "ITA"]

1. e4 e6 2. d4 d5 3. Nd2 c5 4. Ngf3 Nf6 5. e5 Nfd7 6. c3 Nc6 7. Bd3 g6 8. h4 h6 9. Qe2 cxd4 10. cxd4 Qb6 11. Qe3 a5 12. a3 a4 13. Rb1 Na5 14. 0-0 Nb8 15. b4 axb3 16. Nxb3 Nxb3 17. Be2 Nc6 18. Rxb3 Qa7 19. Bd2 Be7 20. Bb5 Bd7 21. Rc1 Kf8 22. Qf4 Kg7 23. Bxc6 Bxc6 24. Bb4 Bd8 25. Nh2 Qa6 26. Rf3 Be8 27. Ng4 g5 28. Qd2 1-0

[Event "ITA-chT 50th"]
[Site "Gallipoli"]
[Date "2018.04.29"]
[Round "4.3"]
[White "Lanzani, Mario"]
[Black "Borgo, Giulio"]
[Result "1/2-1/2"]
[WhiteElo "2281"]
[BlackElo "2397"]
[PlyCount "24"]
[EventDate "2018.04.27"]
[EventType "team-swiss"]
[EventRounds "7"]
[EventCountry "ITA"]
[SourceTitle "CBM 184 Extra"]
[Source "ChessBase"]
[SourceDate "2018.06.28"]
[SourceVersion "1"]
[SourceVersionDate "2018.06.28"]
[SourceQuality "1"]
[WhiteTeam "Milan Accademia"]
[BlackTeam "Cerianese Scacchistica"]
[WhiteTeamCountry "ITA"]
[BlackTeamCountry "ITA"]

1. e4 c5 2. Nf3 e6 3. c3 Nf6 4. e5 Nd5 5. d4 cxd4 6. cxd4 d6 7. Bc4 Nb6 8. Bb3 Bd7 9. Nc3 Bc6 10. 0-0 Be7 11. exd6 Qxd6 12. Ne5 0-0 1/2-1/2

[Event "ITA-ch sf 76th"]
[Site "Civitanova Marche"]
[Date "2016.07.11"]
[Round "3"]
[White "Calavalle, Giulio"]
[Black "Lanzani, Mario"]
[Result "1/2-1/2"]
[WhiteElo "2221"]
[BlackElo "2303"]
[PlyCount "147"]
[EventDate "2016.07.09"]
[EventType "swiss"]
[EventRounds "9"]
[EventCountry "ITA"]
[SourceTitle "CBM 173 Extra"]
[Source "ChessBase"]
[SourceDate "2016.08.29"]
[SourceVersion "1"]
[SourceVersionDate "2016.08.29"]
[SourceQuality "1"]

1. e4 c5 2. Nc3 g6 3. g3 Bg7 4. Bg2 Nc6 5. d3 d6 6. Nge2 Rb8 7. 0-0 b5 8. Nd5 e6 9. Ne3 Nge7 10. c3 d5 11. f4 d4 12. Nc2 0-0 13. Kh1 dxc3 14. bxc3 b4 15. e5 Ba6 16. c4 f6 17. Be3 Qa5 18. Nc1 fxe5 19. Nb3 Qc7 20. Nxc5 Bc8 21. fxe5 Rxf1+ 22. Qxf1 Nf5 23. Bg1 Bxe5 24. g4 Nfd4 25. Ne3 Ne7 26. Ne4 Bb7 27. Qe1 Rf8 28. Qxb4 Ndc6 29. Qe1 Bxa1 30. Qxa1 Qe5 31. Qb1 Ba8 32. g5 Qf4 33. Nf6+ Kh8 34. Qb2 Qe5 35. Qxe5 Nxe5 36. d4 Nf3 37. d5 Nxg1 38. d6 Bxg2+ 39. Kxg2 Nc6 40. Kxg1 Rb8 41. Neg4 Rb4 42. Ne3 Rb2 43. a4 Ra2 44. h4 Rxa4 45. Kf2 Ra2+ 46. Kf3 Rd2 47. Ne4 Rd4 48. c5 a5 49. Nc2 Rd3+ 50. Ke2 Rb3 51. d7 a4 52. Kd2 e5 53. Nd6 Kg7 54. Nc4 Rb8 55. Nb6 Rd8 56. Kc3 a3 57. Nxa3 Nb8 58. Nac4 Nxd7 59. Nxd7 Rxd7 60. c6 Re7 61. Kb4 e4 62. Ne3 Kf7 63. Kc5 Ke6 64. Nd5 Ra7 65. c7 Kd7 66. Kb6 Rxc7 67. Nxc7 e3 68. Na6 Ke6 69. Nb4 Kf5 70. Kc5 e2 71. Nc2 Kg4 72. Kd4 Kxh4 73. Ke3 Kxg5 74. Ke4 1/2-1/2

[Event "Robecchetto op-A 26th"]
[Site "Robecchetto"]
[Date "2015.07.26"]
[Round "4"]
[White "Lanzani, Mario"]
[Black "Gilevich, Artem"]
[Result "1/2-1/2"]
[WhiteElo "2302"]
[BlackElo "2407"]
[PlyCount "34"]
[EventDate "2015.07.24"]
[EventType "swiss"]
[EventRounds "5"]
[EventCountry "ITA"]
[SourceTitle "EXT 2016"]
[Source "ChessBase"]
[SourceDate "2015.10.08"]
[SourceVersion "1"]
[SourceVersionDate "2015.10.08"]
[SourceQuality "1"]

1. d4 d5 2. c4 dxc4 3. e3 Nf6 4. Bxc4 e6 5. Nf3 c5 6. 0-0 a6 7. dxc5 Qxd1 8. Rxd1 Bxc5 9. a3 b5 10. Be2 Bb7 11. b4 Bb6 12. Bb2 Nbd7 13. Nbd2 Ke7 14. Rac1 Rhc8 15. Kf1 g6 16. Bd4 Bxd4 17. Nxd4 e5 1/2-1/2

[Event "Robecchetto op-A 26th"]
[Site "Robecchetto"]
[Date "2015.07.25"]
[Round "3"]
[White "Cavallini, Gianfranco"]
[Black "Lanzani, Mario"]
[Result "0-1"]
[WhiteElo "2102"]
[BlackElo "2302"]
[PlyCount "52"]
[EventDate "2015.07.24"]
[EventType "swiss"]
[EventRounds "5"]
[EventCountry "ITA"]
[SourceTitle "EXT 2016"]
[Source "ChessBase"]
[SourceDate "2015.10.08"]
[SourceVersion "1"]
[SourceVersionDate "2015.10.08"]
[SourceQuality "1"]

1. b3 Nf6 2. Bb2 g6 3. e4 d6 4. f4 Bg7 5. Be2 0-0 6. Bf3 c5 7. d3 Nc6 8. g4 Nd4 9. Bxd4 cxd4 10. Nd2 Nd7 11. h4 f5 12. exf5 gxf5 13. g5 e5 14. Qe2 e4 15. Bh5 d5 16. 0-0-0 a5 17. Bg6 hxg6 18. h5 Qe8 19. h6 Bh8 20. dxe4 dxe4 21. h7+ Kf7 22. Nc4 Qe6 23. a4 b6 24. Re1 Ba6 25. Nf3 Bxc4 26. bxc4 Qd6 0-1

[Event "Padova op-A 17th"]
[Site "Padova"]
[Date "2014.12.19"]
[Round "7.13"]
[White "Valsecchi, Alessio"]
[Black "Lanzani, Mario"]
[Result "1-0"]
[WhiteElo "2432"]
[BlackElo "2302"]
[PlyCount "23"]
[EventDate "2014.12.14"]
[EventType "swiss"]
[EventRounds "9"]
[EventCountry "ITA"]
[SourceTitle "EXT 2024"]
[Source "ChessBase"]
[SourceDate "2023.10.10"]
[SourceVersion "1"]
[SourceVersionDate "2023.10.10"]
[SourceQuality "1"]

1. e4 e5 2. d4 exd4 3. Qxd4 Nc6 4. Qe3 Nf6 5. Nc3 Bb4 6. Bd2 0-0 7. 0-0-0 Re8 8. Qg3 Bxc3 9. Bxc3 Rxe4 10. Bd3 Ra4 11. Re1 g6 12. Qg5 1-0

[Event "Porto Mannu op 6th"]
[Site "Porto Mannu"]
[Date "2014.06.13"]
[Round "8"]
[White "Teh, Eu Wen Aron"]
[Black "Lanzani, Mario"]
[Result "1/2-1/2"]
[WhiteElo "2228"]
[BlackElo "2295"]
[PlyCount "32"]
[EventDate "2014.06.07"]
[EventType "swiss"]
[EventRounds "9"]
[EventCountry "ITA"]
[SourceTitle "CBM 160 Extra"]
[Source "ChessBase"]
[SourceDate "2014.07.01"]
[SourceVersion "1"]
[SourceVersionDate "2014.07.01"]
[SourceQuality "1"]

1. d4 d5 2. c4 dxc4 3. e3 c5 4. Bxc4 cxd4 5. exd4 Qc7 6. Bb3 Bg4 7. f3 Bd7 8. Ne2 e6 9. Nbc3 Nf6 10. Bf4 Bd6 11. Qd2 0-0 12. 0-0 Bc6 13. Rfd1 Nbd7 14. d5 exd5 15. Nxd5 Nxd5 16. Bxd5 Bxd5 1/2-1/2